| 000 | 00500cam a2200193ua 4500 | ||
|---|---|---|---|
| 001 | 3357 | ||
| 008 | 111019n ii |||gr||||Z||||||eng | ||
| 020 | _a81-7206-162-5 | ||
| 040 | _cMAIN | ||
| 082 | _a891.4512 | ||
| 100 | 1 |
_aSaikia, Pradip, _eTranslated. |
|
| 245 | 1 | 1 |
_aPalace maid (Karengar ligiree) _cby Pradip Saikia |
| 250 | _a1st. | ||
| 260 |
_aGuahati: _bBani Mandir, _c2003. |
||
| 300 |
_a116p: _c23cm. |
||
| 653 | _aAssamese drama | ||
| 653 | _aPalace maid (Karengar ligiree) | ||
| 942 | _cBK | ||
| 999 |
_c3202 _d3202 |
||